Çocukluk limanıma sığınan foklar / (Kayıt no. 21219)

MARC ayrıntıları
000 -BAŞLIK
Sabit Uzunluktaki Kontrol Alanı 00637nam a22002057a 4500
003 - KONTROL NUMARASI KİMLİĞİ
Kontrol Alanı koha_MIRAKIL
005 - EN SON İŞLEM TARİHİ ve ZAMANI
Kontrol Alanı 20241211090448.0
008 - SABİT UZUNLUKTAKİ VERİ ÖGELERİ - GENEL BİLGİ
Sabit Alan 241211b tur||||| |||| 00| 0 tur d
020 ## - ISBN - ULUSLARARASI STANDART KİTAP NUMARASI
Isbn 9789753482851
040 ## - KATALOGLAMA KAYNAĞI
Özgün Kataloglama Kurumu TR-IsEVY
Kataloglama Dili tur
Çeviri Kurumu TR-IsEVY
082 ## - DEWEY ONU SINIFLAMA SİSTEMİ
Sınıflama Numarası FIC
Cutter numarası ILG/Ç
100 ## - KİŞİ ADI
Yazar Adı (Kişi adı) Ilgaz, Nilgün
245 #0 - ESER ADI BİLDİRİMİ
Başlık Çocukluk limanıma sığınan foklar /
Sorumluluk Bildirimi Nilgün Ilgaz ; resimleyen Saadet Ceylan.
250 ## - BASIM BİLDİRİMİ
Basım Bildirimi 14. bs.
260 ## - YAYIN, DAĞITIM, VB.
Yayın Yeri İstanbul :
Yayınevi Çınar Yayınları ,
Yayın Tarihi 2017.
300 ## - FİZİKSEL TANIMLAMA
Sayfa, Cilt vb. 72 s. :
Diğer fiziki detaylar resimli ;
Boyutları 20 cm.
650 ## - KONU BAŞLIĞI EK GİRİŞ - KONU TERİMİ
Konusal terim veya coğrafi ad Çocuk Edebiyatı.
Alt başlık biçimi Çocuk Romanı.
700 1# - EK GİRİŞ - KİŞİ ADI
Yazar Adı (Kişi adı) Ceylan, Saadet.
Ünvan resimleyen.
942 ## - EK GİRİŞ ÖGELERİ (KOHA)
Source of classification or shelving scheme Dewey Decimal Classification
Koha item type Kitap
Mevcut
Kayıp Durumu Sınıflandırma Kaynağı Hasarlı Durumu Koleksiyon Kodu Kalıcı Konum Mevcut Konum Kayıt Tarih Edinim Kaynağı Toplam Ödünçverme Yer Numarası Demirbaş Numarası Son Görülme Tarihi Fatura Tarihi Materyal Türü
  Dewey Decimal Classification   İlkokul İLKOKUL KÜTÜPHANESİ İLKOKUL KÜTÜPHANESİ 11/12/2024 Bağış   FIC ILG/Ç 22448 11/12/2024 11/12/2024 Kitap